México hoy
-д хадгалсан:
| Формат: | Ном |
|---|---|
| Хэл сонгох: | испани |
| Хэвлэсэн: |
Madrid
Casa de América
1992
|
| Нөхцлүүд: | |
| Шошгууд: |
Шошго нэмэх
Шошго байхгүй, Энэхүү баримтыг шошголох эхний хүн болох!
|
MARC
| LEADER | 00000nam a2200000 a 4500 | ||
|---|---|---|---|
| 001 | UCV9635 | ||
| 003 | CL-VaPUC | ||
| 008 | 921214e19920000SP |||||||||||||||||spa|d | ||
| 082 | 0 | 4 | |a 708.972 |b MEX |2 21 |
| 245 | 1 | 0 | |a México hoy |
| 300 | |a 283 p | ||
| 942 | |c BK | ||
| 945 | |d 19921214 00:00:00 | ||
| 260 | |a Madrid |b Casa de América |c 1992 | ||
| 650 | 0 | |a Arte |v Catálogos |9 268452 | |
| 651 | 0 | |a México |9 255269 | |
| 583 | |a last modification |c 19921214 00:00:00 |k Rodrigo Vera | ||
| 999 | |c 214940 |d 214938 | ||
| 952 | |0 0 |1 0 |4 0 |6 708_972000000000000_MEX_1992 |7 0 |8 A |9 198790 |a BIBARQ |b BIBARQ |d 2019-11-14 |i 2661829 |o 708.972 MEX 1992 |p 2661829 |r 2025-01-20 |w 2019-11-14 |y BK |k ARQ | ||